| 000 | 00490nam a2200169Ia 4500 | ||
|---|---|---|---|
| 999 |
_c19937 _d19937 |
||
| 003 | OSt | ||
| 005 | 20200703121425.0 | ||
| 008 | 190216s9999||||xx |||||||||||||| ||und|| | ||
| 020 | _a9780333284063 | ||
| 040 | _coclc | ||
| 082 |
_a940.28 _bBRO/N |
||
| 100 |
_aBrooks, Stephen _93509 |
||
| 245 | 0 |
_aNineteenth Century Europe / _cStephen Brooks |
|
| 260 |
_bMacmillian Education, _c1987. _aLondon: |
||
| 300 | _a108p | ||
| 942 |
_cBK _2ddc _h940.28 _iBRO/N _k940.28 _mBRO/N |
||